قضايا فى الفكر المعاصر: (Record no. 12364)
[ view plain ]
| 000 -LEADER | |
|---|---|
| fixed length control field | 01121nam a22002177a 4500 |
| 008 - FIXED-LENGTH DATA ELEMENTS--GENERAL INFORMATION | |
| fixed length control field | 090719s2007 ua||||||r||| 000 0dra d |
| 020 ## - INTERNATIONAL STANDARD BOOK NUMBER | |
| International Standard Book Number | 9789953821146 |
| 082 ## - DEWEY DECIMAL CLASSIFICATION NUMBER | |
| Edition number | 22 |
| Classification number | 102 |
| Item number | ج أ ب |
| 100 10 - MAIN ENTRY--PERSONAL NAME | |
| 9 (RLIN) | 8056 |
| Personal name | الجابري ، محمد عابد |
| 245 10 - TITLE STATEMENT | |
| Title | قضايا فى الفكر المعاصر: |
| Remainder of title | العولمة-صراع الحضارات-العودة الى الاخلاق-التسامح-الديمقراطية ونظام القيم - الفلسفة والمدنية/ |
| Statement of responsibility, etc | محمد عابد الجابري |
| 250 ## - EDITION STATEMENT | |
| Edition statement | ط 3 |
| 260 ## - PUBLICATION, DISTRIBUTION, ETC. (IMPRINT) | |
| Place of publication, distribution, etc | بيروت: |
| Name of publisher, distributor, etc | مركز دراسات الوحدة العربية، |
| Date of publication, distribution, etc | 2007 |
| 300 ## - PHYSICAL DESCRIPTION | |
| Extent | 158 ؛ص |
| Dimensions | 24 سم. |
| 504 ## - BIBLIOGRAPHY, ETC. NOTE | |
| Bibliography, etc | يشتمل على ارجاعات ببليوجرافية(ص 157-158 |
| 541 ## - IMMEDIATE SOURCE OF ACQUISITION NOTE | |
| Source of acquisition | مركز دراسات الوحدة العربية؛ |
| 650 ## - SUBJECT ADDED ENTRY--TOPICAL TERM | |
| 9 (RLIN) | 16209 |
| Topical term or geographic name as entry element | الفلسفة |
| 650 ## - SUBJECT ADDED ENTRY--TOPICAL TERM | |
| 9 (RLIN) | 8057 |
| Topical term or geographic name as entry element | العولمة |
| 650 ## - SUBJECT ADDED ENTRY--TOPICAL TERM | |
| 9 (RLIN) | 8058 |
| Topical term or geographic name as entry element | الديمقراطية |
| 942 ## - ADDED ENTRY ELEMENTS (KOHA) | |
| Item type | Book - Borrowing |
| Source of classification or shelving scheme | Dewey Decimal Classification |
| Withdrawn status | Item status | Source of classification or shelving scheme | Materials specified (bound volume or other part) | Damaged status | Not for loan | Vendor | Home library | Current library | Shelving location | Date acquired | Source of acquisition | Cost, normal purchase price | Serial Enumeration / chronology | Total Checkouts | Total Renewals | Full call number | Barcode | Date last seen | Date last borrowed | Koha item type |
|---|---|---|---|---|---|---|---|---|---|---|---|---|---|---|---|---|---|---|---|---|
| Dewey Decimal Classification | Lost In Inventory 15-7-2025 | M. Arabic Studies | Central Library | Central Library | Lower Floor | 21/07/2010 | 35.00 | 7013 | 1 | 1 | 102 الج | 000017527 | 11/02/2026 | 24/10/2022 | Book - Borrowing |